| 000 | 00371nam a2200145Ia 4500 | ||
|---|---|---|---|
| 008 | 230917s9999||||xx |||||||||||||| ||und|| | ||
| 040 |
_e134887 _aMAIN |
||
| 041 | _aEnglish | ||
| 082 | _a005.133 P252 O | ||
| 100 | _aParsons, David | ||
| 245 | 0 | _aObjeet Orented Programming With C++ | |
| 260 |
_aNew Delhi _bBPB Publications _c1985 |
||
| 300 | _a319p. p. | ||
| 942 | _cBK | ||
| 999 |
_c104226 _d104226 |
||